000 00330nam a2200145Ia 4500
100 _aBraspenning/P.J./ Thujsman F
942 _cBK
654 _aComputer
245 _aLectures Notes in Computer Science 931
260 _bSpringer
_aNew Delhi
_c1995
082 _a6.3
_bBRA
300 _a293
546 _aENGLISH
999 _c32477
_d32477